| 000 | 01048nam a2200301 i 4500 | ||
|---|---|---|---|
| 003 | EG-GICUC | ||
| 005 | 20260125145317.0 | ||
| 008 | 260125s1966 fr a|||fr|||| 000 0 fre d | ||
| 040 |
_aEG-GiCUC _bfre _cEG-GiCUC _dEG-GiCUC _eRda |
||
| 041 | _afre | ||
| 082 | 0 | 4 |
_221 _a341.309 _bRE . É |
| 092 | 0 | 4 | _221 |
| 099 | _aLaw1 11 341.309 RE . É 1 ed - 1966 | ||
| 100 | 1 |
_aRenouvin, Pierre _eAuteur |
|
| 245 | 1 | 0 |
_aÉtudes D'histoire Des Relations Internationales / _cPierre Renouvin. |
| 250 | _a1re édition | ||
| 264 | 1 |
_aParis : _bPresses Universitaires De France, _c1966. |
|
| 300 |
_a239 page : _billustration ; _c 24 cm. |
||
| 336 |
_2rda contenu _a texte |
||
| 337 |
_2rda medias _aOrdinateur |
||
| 338 |
_2 transporteur rda _a Ressource en ligne |
||
| 490 | _aPublications De La Faculté Des Lettres Et Sciences Humaines De Paris | ||
| 546 | _aTexte en français | ||
| 650 | 1 | 4 |
_aRelations internationales _2qrmak _xHistoiré |
| 856 | 4 | 0 | _uhttps://fll.law.cu.edu.eg/fulltext/bks/B11-06522.pdf |
| 905 | _a79 | ||
| 942 |
_2ddc _cBK _e21 _n0 |
||
| 999 |
_c59271 _d59271 |
||